Music Quiz

Random Music or Artist Quiz

Female Song Titles (A-Z) Quiz Stats

 Plays Quiz Updated Nov 12, 2018

Challenge
Share
Tweet
Embed
Score 0/24 Timer 07:00
1 Play Today
Letter Song % Correct
BBillie Jean
80.9%
RRoxanne
65.2%
IIris
55.4%
MMandy
51.9%
ECome on Eileen
51.2%
LLucy In The Sky With Diamonds
48.3%
JJolene
37%
CCecilia
32.3%
PPeggy Sue
29.3%
AAlison
28%
HHelena
26.3%
GGloria (Them Song)
20%
Letter Song % Correct
WWendy
18.7%
ZZoe
17.7%
VValerie
17%
DHello Dolly
14.2%
SMustang Sally
10.9%
OOphelia
10.6%
NNadine (Is It You?)
8.4%
UUrsula (the Swansea Song)
7.3%
KKayleigh
6.4%
YBe My Yoko Ono
6.3%
TTracy
3.8%
FFancy
2.5%

You're not logged in!

Compare scores with friends on all Sporcle quizzes.
OR
Log In

You Might Also Like...

Show Comments

Extras

Top Quizzes Today


Score Distribution

Your Account Isn't Verified!

In order to create a playlist on Sporcle, you need to verify the email address you used during registration. Go to your Sporcle Settings to finish the process.

Report this User

Report this user for behavior that violates our Community Guidelines.

Details: